| 000 | 00733nam a2200253 a 4500 | ||
|---|---|---|---|
| 001 | 4009 | ||
| 005 | 20140414131847.0 | ||
| 008 | 040602s19uu xx 00 eng d | ||
| 020 | _a0-395-45991-5 | ||
| 050 |
_aM 398.2 _bF15 1989 |
||
| 245 |
_aFairy tales / _cillustrations by Lydia Halverson, Dennis Hockerman, Linda Medley, Byrna Waldman. |
||
| 260 |
_aBoston, MA: _bHoughton Mifflin, _c1989. |
||
| 300 | _a88 p. : ill. ; cm. | ||
| 440 | _aHoughton Mifflin Literature | ||
| 500 | _aContents: Puss in Boots--Hansel and Gretel--The Golden Bird--Snow White | ||
| 650 | _aFolklore. | ||
| 999 |
_c109997 _d109997 |
||